00374nam a22001337a 450000500170000000800410001704100120005808200130007010000120008324500380009526000510013330000310018465000250021520240816104108.0240816b |||||||| |||| 00| 0 eng d aEnglish a349 LAW  lEnglish aThe Law Reports: Probate Division aLondon: bWilliam Clowes and Sons Ltd, c1902  bxviii, 290 pages; c25 cm. aLegal practice bLaw